Reencuentro con María

Guardat en:
Dades bibliogràfiques
Autor corporatiu: Equipo Pastoral Maipú (Autor)
Format: Llibre
Idioma:espanyol
Publicat: Santiago Equipo Pastoral Maipú 1970
Col·lecció:Textos Contemporáneos
Matèries:
Etiquetes: Afegir etiqueta
Sense etiquetes, Sigues el primer a etiquetar aquest registre!

MARC

LEADER 00000nam a2200000 a 4500
001 UCM0549
003 CL-VaPUC
008 020301e19700000CL |||||||||||||||||spa|d
082 0 4 |a 232.91  |b EQU  |2 21 
110 2 |a Equipo Pastoral Maipú  |e author  |9 467408 
245 1 0 |a Reencuentro con María 
300 |a 86 p 
942 |c BK 
945 |d 20020301 00:00:00  |a cmena 
260 |a Santiago  |b Equipo Pastoral Maipú  |c 1970 
650 0 |a Mariología   |9 365249 
650 0 |a Creencia Religiosa  |9 316904 
650 0 |a Virgen María   |9 313323 
583 |a last modification  |c 20020301 00:00:00  |k Rodrigo Vera 
490 0 |a Textos Contemporáneos 
999 |c 299441  |d 299439 
952 |0 0  |1 2  |4 0  |6 232_910000000000000_EQU_1970  |7 0  |8 A  |9 355986  |a BIBTEO  |b BIBTEO  |d 2019-11-21  |i 3791734  |o 232.91 EQU 1970  |p 3791734  |r 2019-11-21  |w 2019-11-21  |x Descarte 2019  |y BK  |k ICR